000 00290nam a2200121Ia 4500
008 190216s9999||||xx |||||||||||||| ||und||
100 _aSybil P Parker
245 0 _aMcgraw-Hill Dictionary Of Chemistry
260 _bMcgraw -hill
_c1986
300 _a665p
650 _aChemistry
942 _cBK
999 _c2717
_d2717